Renáta Bočkayová: Šťúplik a vybrané slová

Bibliographic Details
Main Author: Glocko, Peter, 1970- (Author)
Format: Article
Language:Slovak
Subjects:

MARC

LEADER 00000nab a2200000 a 4500
001 vtls000653419
003 SK-MaSNL
005 20260304235724.0
008 140429c1997 xo 0 slo
015 |a SNBRA1998/02-05248 
035 |a CLN000005612 
040 |a SNKBUCL  |b slo  |c SNKBUCL  |e AACR2 
041 0 |a slo 
044 |a xo  |c SK 
080 |a 82.09:885.4-3(087.5)(048)  |2 1997 
080 |a 885.4-3(087.5)(048)  |2 1997 
100 1 |a Glocko, Peter,  |d 1970-  |4 aut  |9 111501 
245 1 0 |a Renáta Bočkayová: Šťúplik a vybrané slová  |c Peter Glocko ml. 
650 0 7 |a autorské rozprávky  |2 snkbucl  |9 31369 
650 0 7 |a slovenské rozprávky  |2 snkbucl  |9 85369 
655 7 |a recenzie  |2 snkbucl  |9 21907 
655 7 |a články z novín a časopisov  |2 snkbucl  |9 267496 
773 0 |t Bibiana  |g Roč. 5, č. 2 (1997), s. 45-46 
787 0 8 |i Rec.:  |a Bočkayová, Renáta  |t Šťúplik a vybrané slová  |d Bratislava : Mladé letá, 1997  |z 8006007802 
850 |a Slovenská národná knižnica 
852 |a Slovenská národná knižnica 
958 |a LX 
958 |a SK 
992 |a RBX 
999 |c 3210180  |d 3212110